| 000 | 00448nam a2200157 a 4500 | ||
|---|---|---|---|
| 020 | _a0312065469 | ||
| 050 | 0 | 0 |
_aPN 6014 _b.B 396 1993 |
| 100 | _aMeyer, Michael | ||
| 245 | 0 | 4 |
_aThe Bedford introduction to literature / _cMichael Meyer [editor]. |
| 250 | _a3rd ed. | ||
| 260 |
_aBoston : _bBedford Books of St. Martin's Press, _cc1993. |
||
| 300 | _axxxvi, 2122 p. ; | ||
| 500 | _aIncludes indexes. | ||
| 650 | 0 | _xCollections. | |
| 942 |
_2lcc _cGEN |
||
| 999 |
_c12496 _d12496 |
||